Luật Di sản văn hoá năm 2001 được sửa đổi, bổ sung năm 2009

Trình bày nội dung luật di sản văn hoá năm 2001, luật sửa đổi, bổ sung năm 2009 bao gồm 74 điều với các phần qui định chung, quyền và nghĩa vụ của tổ chức cá nhân đối với di sản văn hoá, bảo vệ và phát huy giá trị di sản văn hoá phi vật the...

Descripción completa

Guardado en:
Detalles Bibliográficos
Autores Corporativos: Việt Nam ( Cộng hòa Xã hội chủ nghĩa ), Quốc hội
Formato: Libro
Lenguaje:Undetermined
Publicado: Hà Nội Chính trị Quốc gia 2009
Materias:
Etiquetas: Agregar Etiqueta
Sin Etiquetas, Sea el primero en etiquetar este registro!
Thư viện lưu trữ: Trung tâm Học liệu Trường Đại học Cần Thơ
LEADER 01226nam a2200241Ia 4500
001 CTU_148086
008 210402s9999 xx 000 0 und d
020 |c 11000 
082 |a 344.59709 
082 |b L504 
110 |a Việt Nam ( Cộng hòa Xã hội chủ nghĩa ) 
110 |b Quốc hội 
245 0 |a Luật Di sản văn hoá năm 2001 được sửa đổi, bổ sung năm 2009 
260 |a Hà Nội 
260 |b Chính trị Quốc gia 
260 |c 2009 
520 |a Trình bày nội dung luật di sản văn hoá năm 2001, luật sửa đổi, bổ sung năm 2009 bao gồm 74 điều với các phần qui định chung, quyền và nghĩa vụ của tổ chức cá nhân đối với di sản văn hoá, bảo vệ và phát huy giá trị di sản văn hoá phi vật thể, văn hoá vật thể, quản lí nhà nước về di sản văn hoá 
650 |a Cultural property,Luật bảo vệ di sản văn hóa 
650 |x Protection 
650 |y Law and legislation 
650 |z Vietnam 
904 |i Nguyên 
980 |a Trung tâm Học liệu Trường Đại học Cần Thơ